| 000 | 00466pab a2200169 454500 | ||
|---|---|---|---|
| 008 | 180718b1999 xxu||||| |||| 00| 0 eng d | ||
| 100 | _aMilanovic, Branko | ||
| 245 | _aChanges in the perception of the poverty line during the depression in Russia, 1993-96 | ||
| 260 | _c1999 | ||
| 300 | _ap.519-59 | ||
| 362 | _aSep | ||
| 650 | _aPoverty - Russia | ||
| 650 | _aPoverty | ||
| 700 | _aJovanovic, Branko | ||
| 773 | _aWorld Bank Economic Review | ||
| 909 | _a44620 | ||
| 999 |
_c44620 _d44620 |
||